<?xml version="1.0" encoding="UTF-8"?>
<record
    xmlns:xsi="http://www.w3.org/2001/XMLSchema-instance"
    xsi:schemaLocation="http://www.loc.gov/MARC21/slim http://www.loc.gov/standards/marcxml/schema/MARC21slim.xsd"
    xmlns="http://www.loc.gov/MARC21/slim">

  <leader>05610nam a2200505 a 4500</leader>
  <controlfield tag="001">000115527</controlfield>
  <controlfield tag="003">CHAP</controlfield>
  <controlfield tag="005">20240626205512.0</controlfield>
  <controlfield tag="007">ta</controlfield>
  <controlfield tag="008">190603s2018    mx a   |sm   |||||||spa d</controlfield>
  <datafield tag="010" ind1=" " ind2=" ">
    <subfield code="a">111988</subfield>
  </datafield>
  <datafield tag="011" ind1=" " ind2=" ">
    <subfield code="a">112960</subfield>
  </datafield>
  <datafield tag="040" ind1=" " ind2=" ">
    <subfield code="c">CHAP</subfield>
    <subfield code="a">mxchpua</subfield>
    <subfield code="e">rda</subfield>
  </datafield>
  <datafield tag="041" ind1="0" ind2=" ">
    <subfield code="a">spa</subfield>
    <subfield code="b">eng</subfield>
  </datafield>
  <datafield tag="090" ind1=" " ind2=" ">
    <subfield code="a">Tesis </subfield>
    <subfield code="b">H473 </subfield>
    <subfield code="c">2018</subfield>
  </datafield>
  <datafield tag="100" ind1="1" ind2=" ">
    <subfield code="a">Herrero Galindo, Adriana</subfield>
  </datafield>
  <datafield tag="240" ind1="1" ind2="0">
    <subfield code="a">Post-harvest behavior in fruits of mexican plum (spondias purpurea) in modified microperforated atmosphere.</subfield>
    <subfield code="l">Espa&#xF1;ol </subfield>
  </datafield>
  <datafield tag="245" ind1="1" ind2="0">
    <subfield code="a">Comportamiento poscosecha de frutos de ciruela mexicana (Spondias purpurea) en atm&#xF3;sferas modificadas con microperforado /</subfield>
    <subfield code="c">Adriana Herrero Galindo</subfield>
  </datafield>
  <datafield tag="264" ind1=" " ind2=" ">
    <subfield code="a">Chapingo, M&#xE9;xico :</subfield>
    <subfield code="b">El autor,</subfield>
    <subfield code="c">2018</subfield>
  </datafield>
  <datafield tag="300" ind1=" " ind2=" ">
    <subfield code="a">xvii, 82 hojas : </subfield>
    <subfield code="b">gr&#xE1;ficas, fotograf&#xED;as, mapas +</subfield>
    <subfield code="e">1 CD-ROM</subfield>
  </datafield>
  <datafield tag="336" ind1=" " ind2=" ">
    <subfield code="2">rdacontent</subfield>
    <subfield code="a">texto</subfield>
    <subfield code="b">txt</subfield>
  </datafield>
  <datafield tag="337" ind1=" " ind2=" ">
    <subfield code="2">rdamedia</subfield>
    <subfield code="a">no mediado</subfield>
    <subfield code="b">n</subfield>
  </datafield>
  <datafield tag="338" ind1=" " ind2=" ">
    <subfield code="2">rdacarrier</subfield>
    <subfield code="a">volumen</subfield>
    <subfield code="b">nc</subfield>
  </datafield>
  <datafield tag="502" ind1=" " ind2=" ">
    <subfield code="a">Tesis </subfield>
    <subfield code="b">(Maestro en Ciencias en Ciencia y Tecnolog&#xED;a Agroalimentaria) -- </subfield>
    <subfield code="c">UACH. Departamento de Ingenier&#xED;a Agroindustrial, </subfield>
    <subfield code="d">2018</subfield>
  </datafield>
  <datafield tag="504" ind1=" " ind2=" ">
    <subfield code="a">Incluye bibliograf&#xED;a</subfield>
  </datafield>
  <datafield tag="520" ind1="3" ind2=" ">
    <subfield code="a">Las Spondias son plantas tropicales nativas de M&#xE9;xico, sus frutos son atractivospor su diversidad en la coloraci&#xF3;n, tama&#xF1;o y sabor. Sin embargo, tienen una cortavida de anaquel. Existen alternativas que permiten alargar su vida como sucalidad poscosecha como el uso de atm&#xF3;sferas modificadas con microperforado(&lt;200&#x3BC;m). Se realiz&#xF3; la recolecta de frutos de ciruela mexicana (Spondiaspurpurea) en madurez fisiol&#xF3;gica en el estado de Morelos en octubre del 2017.
El objetivo fue evaluar el comportamiento baja dos temperaturas dealmacenamiento en atm&#xF3;sferas modificadas, con diferentes niveles demicroperforado. Se ensayaron dos niveles de temperatura (14 y 25 &#xB0;C) y cuatroniveles de microperforado (0, 3, 6, 10), durante 14 d&#xED;as de almacenamiento. Se observ&#xF3; la disminuci&#xF3;n de firmeza del fruto, en todos los tratamientosalmacenados a 25 &#xB0;C, el valor m&#xE1;s alto de firmeza fue observado en eltratamiento M0-T14 (4.96 N), la p&#xE9;rdida de peso m&#xE1;s alta se registr&#xF3; en eltratamiento M10-T25 de 3.78 %. En SST el valor m&#xE1;s alto se report&#xF3; en eltratamiento M3-T25 (24.73 &#xB0;Brix). La velocidad de respiraci&#xF3;n fue alta en frutosalmacenados a 25 &#xB0;C y los de 14 &#xB0;C bajos por el efecto de la temperatura. Elcontenido de compuestos antioxidantes vari&#xF3; durante el proceso de maduraci&#xF3;n.En compuestos fen&#xF3;licos las concentraciones fueron m&#xE1;s estables en eltratamiento M3-T14. La actividad antioxidante (7.02 mg ET 100 g p.f. valor m&#xE1;salto al final del almacenamiento) y flavonoides (6.65 mg EQ 100 g
 p.f.). Laconcentraci&#xF3;n de clorofilas se fue degradando durante el tiempo, por tanto, seobserv&#xF3; un incremento de carotenoides, mostrando mayor concentraci&#xF3;n al finaldel almacenamiento (14.16 &#x3BC;g mL-1 p.f). La temperatura, el tiempo y elmicroperforado conservaron las caracter&#xED;sticas de calidad al alcanzar valoressimilares a los reportados en Spondias cosechados en madurez de consumo.  </subfield>
  </datafield>
  <datafield tag="520" ind1="3" ind2=" ">
    <subfield code="a">Spondias are tropical plants native to Mexico, their fruits are attractive for their diversity in color, size and taste. Modified atmospheres alter the physiological process and lengthen the shelf life. On the other hand, microperforation (&lt;200&#xB5;m) decreases the risk of fermentation. The collection of Mexican plum fruits (Spondias purpurea) at physiological maturity in the state of Morelos was carried out in October 2017. The objective was to evaluate the behavior under two storage temperatures in modified atmospheres, with different levels of microperforation. Two temperature levels (25 and 14 &#xB0;C) and four levels of microperforation (0, 3, 6, 10) were tested during 14 days of storage. The decrease in firmness was observed, in all treatments stored at 25 &#xB0;C, the highest firmness value was in the M0-T14 treatment (4.96 N), the highest weight loss was recorded in the M10-T25 treatment of 3.78%. In SST the highest value was reported in the M3-T25 treatment (24.73 &#xB0; Brix). The content of antioxidant compounds fluctuated during the maturation process. In phenols the concentrations were more stable in the M3-T14 treatment. The antioxidant activity (7.02 mg ET 100 g f.w. highest value at the end of storage) was not related to the phenols since low values were observed, similar to the flavonoids (6.65 mg EQ 100 g -1  f.w.). The concentration of chlorophylls was high on the first day of the evaluation, however they degraded over time due to maturation, therefore an increase in carotenoids was observed, showing higher concentration at the end of storage. Temperature, time and microperforation positively affected quality characteristics by reaching values similar to those reported in fruits harvested at consumption maturity.</subfield>
  </datafield>
  <datafield tag="590" ind1=" " ind2=" ">
    <subfield code="a">BATCH-UPD</subfield>
    <subfield code="b">05</subfield>
    <subfield code="c">20190603</subfield>
  </datafield>
  <datafield tag="590" ind1=" " ind2=" ">
    <subfield code="a">E11695DGD</subfield>
    <subfield code="b">10</subfield>
    <subfield code="c">20190605</subfield>
  </datafield>
  <datafield tag="590" ind1=" " ind2=" ">
    <subfield code="a">E6337LMJ</subfield>
    <subfield code="b">05</subfield>
    <subfield code="c">20190603</subfield>
  </datafield>
  <datafield tag="590" ind1=" " ind2=" ">
    <subfield code="a">E6337LMJ</subfield>
    <subfield code="b">05</subfield>
    <subfield code="c">20190603</subfield>
  </datafield>
  <datafield tag="650" ind1="1" ind2="3">
    <subfield code="a">Ciruela</subfield>
    <subfield code="x">Tiempo de vida</subfield>
    <subfield code="2">atg</subfield>
  </datafield>
  <datafield tag="650" ind1="1" ind2="3">
    <subfield code="a">Ciruela</subfield>
    <subfield code="x"> Envasado</subfield>
    <subfield code="2">atg</subfield>
  </datafield>
  <datafield tag="650" ind1="1" ind2="3">
    <subfield code="a">Ciruela</subfield>
    <subfield code="x">Almacenamiento bajo atm&#xF3;sfera controlada</subfield>
    <subfield code="2">atg</subfield>
  </datafield>
  <datafield tag="650" ind1="1" ind2="3">
    <subfield code="a">Plums  </subfield>
    <subfield code="x">Shelf life</subfield>
    <subfield code="2">atg</subfield>
  </datafield>
  <datafield tag="650" ind1="1" ind2="3">
    <subfield code="a">Plums  </subfield>
    <subfield code="x">Packaging</subfield>
    <subfield code="2">atg</subfield>
  </datafield>
  <datafield tag="650" ind1="1" ind2="3">
    <subfield code="a">Plums  </subfield>
    <subfield code="x">Controlled atmosphere storage</subfield>
    <subfield code="2">atg</subfield>
  </datafield>
  <datafield tag="700" ind1="1" ind2=" ">
    <subfield code="a">Colinas Le&#xF3;n, Mar&#xED;a Teresa B.</subfield>
    <subfield code="e">directora</subfield>
  </datafield>
  <datafield tag="700" ind1="1" ind2=" ">
    <subfield code="a">Garc&#xED;a Mateos, Ma. del Rosario</subfield>
    <subfield code="e">asesora</subfield>
  </datafield>
  <datafield tag="700" ind1="1" ind2=" ">
    <subfield code="a">Ybarra Moncada, Ma. Carmen</subfield>
    <subfield code="e">asesora</subfield>
  </datafield>
  <datafield tag="856" ind1="4" ind2="1">
    <subfield code="u">http://10.13.5.2/tesis/sist115527.pdf</subfield>
    <subfield code="y">Descargar PDF</subfield>
  </datafield>
  <datafield tag="901" ind1=" " ind2=" ">
    <subfield code="a">Tesis H473 2018</subfield>
  </datafield>
  <datafield tag="942" ind1=" " ind2=" ">
    <subfield code="c">TESIS</subfield>
    <subfield code="2">Clasificaci&#xF3;n Universidad Aut&#xF3;noma Chapingo</subfield>
  </datafield>
  <datafield tag="999" ind1=" " ind2=" ">
    <subfield code="c">111988</subfield>
    <subfield code="d">111988</subfield>
  </datafield>
  <datafield tag="952" ind1=" " ind2=" ">
    <subfield code="0">0</subfield>
    <subfield code="1">0</subfield>
    <subfield code="2">ddc</subfield>
    <subfield code="4">0</subfield>
    <subfield code="5">1</subfield>
    <subfield code="7">1</subfield>
    <subfield code="8">TESIS</subfield>
    <subfield code="a">BC</subfield>
    <subfield code="b">BC</subfield>
    <subfield code="d">2019-06-03</subfield>
    <subfield code="f">TESIS</subfield>
    <subfield code="l">0</subfield>
    <subfield code="o">Tesis</subfield>
    <subfield code="p">115538-10</subfield>
    <subfield code="r">2019-12-31 00:00:00</subfield>
    <subfield code="w">2019-12-31</subfield>
    <subfield code="y">TESIS</subfield>
    <subfield code="z">Recien adquirido</subfield>
  </datafield>
  <datafield tag="952" ind1=" " ind2=" ">
    <subfield code="0">0</subfield>
    <subfield code="1">0</subfield>
    <subfield code="2">local</subfield>
    <subfield code="4">0</subfield>
    <subfield code="5">1</subfield>
    <subfield code="7">0</subfield>
    <subfield code="8">TESIS</subfield>
    <subfield code="a">IA_</subfield>
    <subfield code="b">IA_</subfield>
    <subfield code="d">2022-08-30</subfield>
    <subfield code="e">El autor</subfield>
    <subfield code="l">0</subfield>
    <subfield code="o">Tesis H473 2018</subfield>
    <subfield code="p">1101013600</subfield>
    <subfield code="r">2026-02-02 00:00:00</subfield>
    <subfield code="t">Ej. 1</subfield>
    <subfield code="y">TESIS</subfield>
  </datafield>
  <datafield tag="952" ind1=" " ind2=" ">
    <subfield code="0">0</subfield>
    <subfield code="1">0</subfield>
    <subfield code="2">local</subfield>
    <subfield code="4">0</subfield>
    <subfield code="5">1</subfield>
    <subfield code="7">0</subfield>
    <subfield code="8">TESIS</subfield>
    <subfield code="a">IA_</subfield>
    <subfield code="b">IA_</subfield>
    <subfield code="d">2022-08-30</subfield>
    <subfield code="e">El autor</subfield>
    <subfield code="l">0</subfield>
    <subfield code="o">Tesis H473 2018</subfield>
    <subfield code="p">1101013601</subfield>
    <subfield code="r">2022-08-30 00:00:00</subfield>
    <subfield code="t">Ej. 2</subfield>
    <subfield code="y">CD</subfield>
  </datafield>
  <datafield tag="952" ind1=" " ind2=" ">
    <subfield code="0">0</subfield>
    <subfield code="1">0</subfield>
    <subfield code="2">local</subfield>
    <subfield code="4">0</subfield>
    <subfield code="7">0</subfield>
    <subfield code="8">TesDigM</subfield>
    <subfield code="a">IA_</subfield>
    <subfield code="b">IA_</subfield>
    <subfield code="c">E_L</subfield>
    <subfield code="d">2023-02-27</subfield>
    <subfield code="e">El autor</subfield>
    <subfield code="l">0</subfield>
    <subfield code="p">1201013600</subfield>
    <subfield code="r">2023-02-27 00:00:00</subfield>
    <subfield code="w">2023-02-27</subfield>
    <subfield code="y">TD</subfield>
  </datafield>
</record>
